| 000 -LEADER |
| fixed length control field |
00899nam a22002897a 4500 |
| 003 - CONTROL NUMBER IDENTIFIER |
| control field |
OSt |
| 005 - DATE AND TIME OF LATEST TRANSACTION |
| control field |
20191029062536.0 |
| 008 - FIXED-LENGTH DATA ELEMENTS--GENERAL INFORMATION |
| fixed length control field |
180307b xxu||||| |||| 00| 0 spa d |
| 020 ## - INTERNATIONAL STANDARD BOOK NUMBER |
| International Standard Book Number |
8460415910 |
| 040 ## - CATALOGING SOURCE |
| Transcribing agency |
PJ |
| 245 ## - TITLE STATEMENT |
| Title |
Argentina evolución macroeconómica financiación externa y cambio político : |
| Remainder of title |
en la década de los 80. |
| 260 ## - PUBLICATION, DISTRIBUTION, ETC. (IMPRINT) |
| Place of publication, distribution, etc |
Madrid : |
| Name of publisher, distributor, etc |
Fundación Cedeal, |
| Date of publication, distribution, etc |
1992. |
| 300 ## - PHYSICAL DESCRIPTION |
| Extent |
222 p. |
| 490 ## - SERIES STATEMENT |
| Series statement |
Situación Latinoamericana |
| 650 #0 - SUBJECT ADDED ENTRY--TOPICAL TERM |
| 9 (RLIN) |
300 |
| Topical term or geographic name as entry element |
ECONOMIA POLITICA |
| 650 #0 - SUBJECT ADDED ENTRY--TOPICAL TERM |
| 9 (RLIN) |
316 |
| Topical term or geographic name as entry element |
ECONOMIA ARGENTINA |
| 650 #0 - SUBJECT ADDED ENTRY--TOPICAL TERM |
| Topical term or geographic name as entry element |
SISTEMA FINANCIERO |
| 9 (RLIN) |
298 |
| 650 #0 - SUBJECT ADDED ENTRY--TOPICAL TERM |
| 9 (RLIN) |
701 |
| Topical term or geographic name as entry element |
DEUDA PUBLICA |
| 650 #0 - SUBJECT ADDED ENTRY--TOPICAL TERM |
| 9 (RLIN) |
551 |
| Topical term or geographic name as entry element |
CREDITO PUBLICO |
| 700 ## - ADDED ENTRY--PERSONAL NAME |
| 9 (RLIN) |
317 |
| Personal name |
Damill, Mario |
| 700 ## - ADDED ENTRY--PERSONAL NAME |
| 9 (RLIN) |
318 |
| Personal name |
Frenkel, Roberto |
| 700 ## - ADDED ENTRY--PERSONAL NAME |
| 9 (RLIN) |
319 |
| Personal name |
Bouzas, Roberto |
| 700 ## - ADDED ENTRY--PERSONAL NAME |
| 9 (RLIN) |
320 |
| Personal name |
Keifman, Saul |
| 700 ## - ADDED ENTRY--PERSONAL NAME |
| 9 (RLIN) |
321 |
| Personal name |
Fontana, Andres |
| 700 ## - ADDED ENTRY--PERSONAL NAME |
| 9 (RLIN) |
322 |
| Personal name |
LLenderrozas, Elsa |
| 942 ## - ADDED ENTRY ELEMENTS (KOHA) |
| Source of classification or shelving scheme |
|
| Koha item type |
Libros |
| Classification part |
336.13 |
| Item part |
ARG |